000 00891cam a22001934a 4500
005 20250605164129.0
008 250528s ||||||||||||||||||||||||d
035 _a18576
020 _a1851772413
040 _aGR-AtMCL
_bgre
_dGR-AtMCL
_eAACR2
245 1 _aThe Power of the Poster
260 _bV&A Publications,
_c1998
300 _a252
520 _aSome of the best examples of poster art from the nineteenth and twentieth centuries, providing a fascinating exploration of images that have become part of the cultural landscape. Acknowledgements, Introduction, Pleasure and Leisure, Posters for Performance, Posters for Art's Sake, Protest and Propaganda, The Propaganda Poster, Four in Focus, Commerce and Communication, Commercial Advertising, Selling the Product, Epilogue, Index.
700 1 _aTimmers Margaret
_94836
942 _cBK
999 _c3925
_d3925